000 00827cab a2200241 4500
001 WB2918-30
008 090401t1992 xxu||||| |||| 00| 0 eng d
035 _a(Sirsi) u25316
041 _aeng
245 _aNew masters degrees launched
260 _c1992
350 _a0
490 _aArchitects` Journal
_v197(19) 12 May 1992, 9(1)
520 _aThree new masters degrees have been announced at Cambridge and Kingston, including an interdisciplinary one on design for the built environment and two on management in construction.
650 _aCAMBRIDGE UNIVERSITY
650 _aCONSTRUCTION MANAGEMENT
_96230
650 _aEDUCATION AND STUDY
650 _aHIGHER DEGREES
650 _aKINGSTON UNIVERSITY
690 _aMANAGEMENT-BUSINESS MANAGEMENT-PROFESSIONAL PRACTICE
942 _n0
948 _c04/03/1997
999 _c16995
_d16995